Readings in human-computer interaction : toward the year 2000

Αποθηκεύτηκε σε:
Λεπτομέρειες βιβλιογραφικής εγγραφής
Κύριος συγγραφέας: Baecker, Ronald M. (Συγγραφέας, Επιμελητής έκδοσης)
Μορφή: Βιβλίο
Γλώσσα:English
Δημοσίευση: San Francisco, Calif. : Morgan Kaufmann Publishers, c1995
Έκδοση:2nd ed.
Θέματα:
Ετικέτες: Προσθήκη ετικέτας
Δεν υπάρχουν, Καταχωρήστε ετικέτα πρώτοι!

MARC

LEADER 00000nam a2200000 i 4500
001 1/84806
008 050905s1995 eng d
020 |a 1-55860-246-1 
035 |l 10080112 
040 |a GR-MY-UA  |b gre  |e aacr 
041 0 |a eng 
082 0 |a 004.019  |2 (22) 
100 1 |a Baecker, Ronald M.  |4 aut  |4 edt 
245 1 0 |a Readings in human-computer interaction :  |b toward the year 2000 /  |c written and edited by Ronald M. Baecker ... [et al.] 
250 |a 2nd ed. 
260 |a San Francisco, Calif. :   |b Morgan Kaufmann Publishers,   |c c1995 
300 |a xxi, 950 σ.;  |b έγχρ. εικ.;  |c 28 εκ. 
504 |a Περιέχει βιβλιογραφία και ευρετήριο 
650 0 0 |a Human-computer interaction. 
650 0 0 |a System design. 
852 |a INST  |b LESVOS  |e 20050905  |h 004.019 BAE  |p 005100031965  |q 005100031965  |t BK  |y 0 
901 |a BIBL1-2005-2 
909 |a Λ  |b 113601 
920 |a ΔΙΕΥΡΥΝΣΗ  |b ΕΠΕΑΕΚ-ΠΤΕ  |y ΛΕΣΒΟΣ  |z 2004-10 
970 |a ΚΑΡΑ  |b ΓΙΑΣΕΜΗ  |z 2005/09/05